|
|
|
|
| LEADER |
00000nam a2200000 a 4500 |
| 001 |
vtls008832484 |
| 003 |
SK-MaSNL |
| 005 |
20260301205628.0 |
| 008 |
240318s2006 xo oab g 000 0bslo |
| 015 |
|
|
|a SNBA2006/07-04033
|
| 020 |
|
|
|a 8080463239
|q (viaz.)
|
| 035 |
|
|
|a 449CE7FE-09ED-4ED7-8DCC-560167415DEB
|
| 035 |
|
|
|a urn:nbn:sk:snk-amjusp
|
| 035 |
|
|
|a urn:nbn:sk:snk-am007ypt
|
| 040 |
|
|
|a SNK
|b slo
|c SNK
|e AACR2
|
| 041 |
0 |
|
|a slo
|
| 044 |
|
|
|a xo
|c SK
|
| 072 |
|
7 |
|a 821.162.4.09
|x Slovenská literatúra (o nej)
|2 konspekt
|
| 072 |
|
7 |
|a 929
|x Biografie
|2 konspekt
|
| 080 |
|
|
|a 821.162.4-051
|2 2001
|
| 080 |
|
|
|a 821.162.4
|2 2001
|
| 080 |
|
|
|a (092)
|2 2001
|
| 080 |
|
|
|a 82-93
|2 2001
|
| 100 |
1 |
|
|a Glocko, Peter,
|d 1946-2019
|4 aut
|9 89196
|
| 245 |
1 |
0 |
|a Rozprávkar a rozprávnica
|b päť obrazov zo života Pavla Emanuela Dobšinského
|c Peter Glocko ; [ilustrácie: Barbora Glocková ; fotografie: M. Dedko ... [et al.]]
|
| 250 |
|
|
|a 1. vyd.
|
| 260 |
|
|
|a Bratislava
|b Perfekt
|c 2006
|
| 300 |
|
|
|a 87 s.
|b fotogr., fareb. ilustr., mp.
|c 27 cm
|
| 490 |
1 |
|
|a Nevšedné životné príbehy
|
| 500 |
|
|
|a Fotogr. na tit. strane
|
| 504 |
|
|
|a Bibliogr. odkazy
|
| 600 |
1 |
7 |
|a Dobšinský, Pavol,
|d 1828-1885
|2 SNKMA
|9 242422
|
| 650 |
0 |
7 |
|a slovenskí spisovatelia
|2 SNKPH
|9 1258
|
| 650 |
0 |
7 |
|a slovenská literatúra
|2 SNKPH
|9 1115
|
| 650 |
0 |
7 |
|a literatúra pre deti a mládež
|2 SNKPH
|9 21893
|
| 655 |
|
7 |
|a biografie
|2 SNKPH
|9 27965
|
| 700 |
1 |
|
|a Glocková, Barbora
|4 ill
|9 310079
|
| 700 |
1 |
|
|a Dedko, M.
|4 pht
|9 592003
|
| 830 |
|
0 |
|a Nevšedné životné príbehy
|9 592004
|
| 919 |
|
|
|a 80-8046-323-9
|
| 999 |
|
|
|c 910862
|d 912792
|
| 952 |
|
|
|a SNK
|b SNK
|y PREZ
|7 0
|p 17A0517154
|o snkSB 72631
|i snk2006/14416
|8 0
|0 0
|1 0
|4 0
|d 2006-07-21
|l 0
|r 2025-04-25 00:00:00
|w 2026-02-24
|
| 952 |
|
|
|a SNK
|b SNK
|y VYP
|7 0
|p 17A0517155
|o snkSB 72631 D1
|i snk2006/14417
|8 0
|0 0
|1 0
|4 0
|d 2006-07-21
|l 0
|r 2016-06-30 00:00:00
|w 2026-02-24
|